000 00323nam a2200121Ia 4500
008 191201s2003 xx 000 0 und d
100 _aTRUSCOTT, William T
245 0 _aSix Sigma : Continual improvement for Business
260 _aN.Delhi
_bButterwoth H
_c2003
300 _a250
650 _aGeneral Books
942 _2ddc
_cBK
999 _c3365
_d3365